Bookish / Eagle Eye Drama presents ; created by ... Read More
Available copies
- 2 of 3 copies available at LARL/NWRL Consortium.
- 2 of 3 copies available at Lake Agassiz Regional Library. (Show preferred library)
Current holds
2 current holds with 3 total copies.
Show All Copies
| Location | Call Number / Copy Notes | Barcode | Shelving Location | Status | Due Date |
|---|---|---|---|---|---|
| Breckenridge Public Library | DVD BOO (Text) | 33500014338859 | Main | Available | - |
| Detroit Lakes Public Library | DVD BOO (Text) | 33500014338867 | Main | Available | - |
Record details
- ISBN: 9781531717889
- ISBN: 1531717888
- Physical Description: 2 videodiscs (325 min.) : sound, color ; 4 3/4 in.
- Publisher: [Arlington, Virginia] : PBS Distribution, [2026]
- Copyright: ©2026
Content descriptions
| General Note: | Originally broadcast as single episodes of a television program in 2025. Wide screen. |
| Formatted Contents Note: | Disc 1. Slightly foxed, part 1 / directed by ... Read More |
| Creation/Production Credits Note: | Director of photography, Anton Mertens ; ... Read More |
| Participant or Performer Note: | Mark Gatiss, Polly Walker, Connor Finch, Elliot ... Read More |
| Summary, etc.: | "London 1946. The appropriately named Gabriel Book ... Read More |
| Target Audience Note: | Rating: Not rated. |
| System Details Note: | DVD; NTSC, region 1; widescreen (2.00:1); Dolby ... Read More |
| Language Note: | English dialogue; English subtitles for the deaf ... Read More |
| Source of Description Note: | Title from disc surface; credits from title and ... Read More |
Search for related items by subject
| Subject: | Bookstores > Drama. Bookstore owners > Drama. Crime > Drama. Murder > Drama. Gay men > Drama. Nineteen forties > Drama. LGBTQ+ people |
| Genre: | Detective and mystery television programs. Fiction television programs. Television crime shows. Television series. Video recordings for the hearing impaired. |
Search for related items by series
| LDR | 07959cgm a2201321 i 4500 | ||
|---|---|---|---|
| 001 | 479484 | ||
| 003 | LARL_NWRL_CONSORTIUM | ||
| 005 | 20260219165320.0 | ||
| 008 | 251215t20262026vau325 vleng d | ||
| 007 | vd cvaizq | ||
| 040 | . | ‡aTEFMT ‡beng ‡erda ‡cTEFMT ‡dTEF ‡dOCLCO ‡dGK8 ‡dOCLCO ‡dGRA ‡dFMG ‡dJQW ‡dJBU ‡dINO ‡dOCLCO ‡dINO | |
| 020 | . | ‡a9781531717889 | |
| 020 | . | ‡a1531717888 | |
| 024 | 1 | . | ‡a841887049979 |
| 028 | 4 | 2. | ‡aBBKS610 ‡bPBS |
| 033 | 0 | 1. | ‡a2025---- |
| 035 | . | ‡a(OCoLC)1561541385 | |
| 037 | . | ‡bMidwest Tape ‡nhttp://www.midwesttapes.com | |
| 041 | 0 | . | ‡aeng ‡peng ‡heng |
| 043 | . | ‡ae-uk-en | |
| 082 | 0 | 4. | ‡a791.45/75 ‡223/eng/20260105 |
| 130 | 0 | . | ‡aBookish (Television program). ‡nSeason 1. |
| 245 | 1 | 0. | ‡aBookish / ‡cEagle Eye Drama presents ; created by Mark Gatiss ; produced by Christopher Arcache ; directed by Carolina Giammetta ; written by Mark Gatiss, Matthew Sweet ; produced in association with Happy Duck Films ; produced by Eagle Eye Drama in association with UKTV and Beta Film for PBS. |
| 246 | 3 | . | ‡aBookish. ‡pSeason 1 |
| 246 | 3 | . | ‡aBookish. ‡pSeries 1 |
| 257 | . | ‡aGreat Britain ‡2naf | |
| 264 | 1. | ‡a[Arlington, Virginia] : ‡bPBS Distribution, ‡c[2026] | |
| 264 | 4. | ‡c©2026 | |
| 300 | . | ‡a2 videodiscs (325 min.) : ‡bsound, color ; ‡c4 3/4 in. | |
| 306 | . | ‡a052500 | |
| 336 | . | ‡atwo-dimensional moving image ‡btdi ‡2rdacontent | |
| 337 | . | ‡avideo ‡bv ‡2rdamedia | |
| 338 | . | ‡avideodisc ‡bvd ‡2rdacarrier | |
| 340 | . | ‡b4 3/4 in. | |
| 340 | . | ‡gpolychrome ‡2rdacc | |
| 341 | 0 | . | ‡aauditory ‡bclosedCaptions ‡2sapdv |
| 344 | . | ‡adigital ‡2rdatr | |
| 344 | . | ‡boptical ‡2rdarm | |
| 344 | . | ‡gsurround ‡2rdacpc | |
| 344 | . | ‡hDolby Digital 5.1 | |
| 344 | . | ‡isound ‡2rdasco | |
| 345 | . | ‡c2.00:1 | |
| 345 | . | ‡dwide screen ‡2rdaar | |
| 346 | . | ‡bNTSC ‡2rdabs | |
| 347 | . | ‡avideo file ‡2rdaft | |
| 347 | . | ‡bDVD video | |
| 347 | . | ‡eregion 1 ‡2rdare | |
| 380 | . | ‡aTelevision programs ‡2lcgft | |
| 490 | 0 | . | ‡aBookish ; ‡vSeason 1 |
| 538 | . | ‡aDVD; NTSC, region 1; widescreen (2.00:1); Dolby Digital 5.1. | |
| 546 | . | ‡aEnglish dialogue; English subtitles for the deaf and hard of hearing (SDH). | |
| 532 | 1 | . | ‡aEnglish subtitles for the deaf and hard of hearing (SDH) |
| 588 | 0 | . | ‡aTitle from disc surface; credits from title and end credit frames. |
| 511 | 1 | . | ‡aMark Gatiss, Polly Walker, Connor Finch, Elliot Levey, Blake Harrison, Buket Kömür, Rosie Cavaliero, Ella Bruccoleri, Tim McInnerny, Gerard Horan, Daniel Mays, Luke Norris, Amanda Drew, Jacob Fortune-Lloyd, Joely Richardson, Jonas Nay, Paul McGann, Isabelle Connolly, Angeliki Papoulia. |
| 508 | . | ‡aDirector of photography, Anton Mertens ; production designer, Stijn Verhoeven ; costume designer, Charlotte Willems ; editor, Chris Roebuck ; composer, Sarah Warne. | |
| 500 | . | ‡aOriginally broadcast as single episodes of a television program in 2025. | |
| 500 | . | ‡aWide screen. | |
| 521 | 8 | . | ‡aRating: Not rated. |
| 520 | . | ‡a"London 1946. The appropriately named Gabriel Book owns a bookshop in Archangel Lane. His wartime was packed with espionage and secrets and he finds that his peace time is just as full of adventure. Now, he helps the police solve the strangest of crimes and the knottiest of murders, but the time he spends with the force is not without its dangers. For although he is very happily married to his childhood best friend, the captivating Trottie, Book is a gay man living at a time when homosexuality was illegal. When Book and Trottie take in Jack, it seems like an act of altruism: a second chance for a young jailbird. Jack proves a worthy assistant both in the shop and in Book's murder investigations, but it soon becomes clear that Jack's appointment wasn't quite as random as it first seemed." -- ‡cContainer. | |
| 505 | 0 | 0. | ‡gDisc 1. ‡tSlightly foxed, part 1 / ‡rdirected by Carolina Giammetta ; written by Mark Gatiss ; ‡tSlightly foxed, part 2 / ‡rdirected by Carolina Giammetta ; written by Mark Gatiss ; ‡tDeadly nitrate, part 1 / ‡rdirected by Carolina Giammetta ; written by Matthew Sweet and Mark Gatiss ; ‡tDeadly nitrate, part 2 / ‡rdirected by Carolina Giammetta ; written by Matthew Sweet and Mark Gatiss -- ‡gDisc 2. ‡tSuch devoted sisters, part 1 / ‡rdirected by Carolina Giammetta ; written by Matthew Sweet and Mark Gatiss ; ‡tSuch devoted sisters, part 2 / ‡rdirected by Carolina Giammetta ; written by Matthew Sweet and Mark Gatiss. |
| 650 | 0. | ‡aBookstores ‡vDrama. | |
| 650 | 0. | ‡aBookstore owners ‡vDrama. | |
| 650 | 0. | ‡aCrime ‡vDrama. ‡0(LARL_NWRL_CONSORTIUM)171726 | |
| 650 | 0. | ‡aMurder ‡vDrama. ‡0(LARL_NWRL_CONSORTIUM)166039 | |
| 650 | 0. | ‡aGay men ‡vDrama. ‡0(LARL_NWRL_CONSORTIUM)165413 | |
| 650 | 0. | ‡aNineteen forties ‡vDrama. | |
| 650 | 7. | ‡aLGBTQ+ people ‡2homoit | |
| 655 | 7. | ‡aDetective and mystery television programs. ‡2lcgft ‡0(LARL_NWRL_CONSORTIUM)175785 | |
| 655 | 7. | ‡aFiction television programs. ‡2lcgft ‡0(LARL_NWRL_CONSORTIUM)175627 | |
| 655 | 7. | ‡aTelevision crime shows. ‡2lcgft ‡0(LARL_NWRL_CONSORTIUM)175791 | |
| 655 | 7. | ‡aTelevision series. ‡2lcgft ‡0(LARL_NWRL_CONSORTIUM)175797 | |
| 655 | 7. | ‡aVideo recordings for the hearing impaired. ‡2lcgft ‡0(LARL_NWRL_CONSORTIUM)175744 | |
| 700 | 1 | . | ‡aGatiss, Mark, ‡ecreator, ‡escreenwriter, ‡eactor. ‡1https://id.oclc.org/worldcat/entity/E39PBJrwRpCPF8dGqKpymKj9jC ‡0(LARL_NWRL_CONSORTIUM)219150 |
| 700 | 1 | . | ‡aArcache, Christopher, ‡etelevision producer. |
| 700 | 1 | . | ‡aGiammetta, Carolina, ‡etelevision director. ‡1https://id.oclc.org/worldcat/entity/E39PCjFQCQ9KhH9dpmt7CKVy8d |
| 700 | 1 | . | ‡aSweet, Matthew, ‡escreenwriter. ‡1https://id.oclc.org/worldcat/entity/E39PBJy4hrkGb3RXwHhJG9d84q ‡0(LARL_NWRL_CONSORTIUM)225435 |
| 700 | 1 | . | ‡aWalker, Polly, ‡eactor. ‡1https://id.oclc.org/worldcat/entity/E39PBJrm8BMpFMrr6mttvWXPQq ‡0(LARL_NWRL_CONSORTIUM)144052 |
| 700 | 1 | . | ‡aFinch, Connor, ‡eactor. |
| 700 | 1 | . | ‡aLevey, Elliot, ‡eactor. ‡1https://id.oclc.org/worldcat/entity/E39PBJjRW6m7HgpqPbyHYD3G73 |
| 700 | 1 | . | ‡aHarrison, Blake, ‡d1985?- ‡eactor. ‡1https://id.oclc.org/worldcat/entity/E39PBJj8MMYKpG8pcpJpBvcdcP |
| 700 | 1 | . | ‡aKömür, Buket, ‡eactor. |
| 700 | 1 | . | ‡aCavaliero, Rosie, ‡eactor. ‡1https://id.oclc.org/worldcat/entity/E39PCjxVytGQgQmQRcgJYxXXtX ‡0(LARL_NWRL_CONSORTIUM)212920 |
| 700 | 1 | . | ‡aBruccoleri, Ella, ‡eactor. |
| 700 | 1 | . | ‡aMcInnerny, Tim, ‡eactor. ‡1https://id.oclc.org/worldcat/entity/E39PBJwmQKYW9FC8f4t7pdDjG3 ‡0(LARL_NWRL_CONSORTIUM)148368 |
| 700 | 1 | . | ‡aHoran, Gerard, ‡eactor. ‡1https://id.oclc.org/worldcat/entity/E39PBJw8VvxDm6djwYpg3t7GpP |
| 700 | 1 | . | ‡aMays, Daniel, ‡eactor. ‡1https://id.oclc.org/worldcat/entity/E39PBJd3QpFffqTHxVPyB3rDv3 ‡0(LARL_NWRL_CONSORTIUM)220287 |
| 700 | 1 | . | ‡aNorris, Luke, ‡d1985- ‡eactor. ‡1https://id.oclc.org/worldcat/entity/E39PBJkp7kymgFtXP8XKYBbWXd |
| 700 | 1 | . | ‡aDrew, Amanda, ‡d1969- ‡eactor. ‡1https://id.oclc.org/worldcat/entity/E39PBJtX7KB6JvRMRKBp4DVwG3 |
| 700 | 1 | . | ‡aFortune-Lloyd, Jacob, ‡eactor. ‡1https://id.oclc.org/worldcat/entity/E39PCjKrcVRwxgq7PwbPTk3BWC |
| 700 | 1 | . | ‡aRichardson, Joely, ‡eactor. ‡1https://id.oclc.org/worldcat/entity/E39PBJvMyBptHfBq3tKfmkCvpP ‡0(LARL_NWRL_CONSORTIUM)137024 |
| 700 | 1 | . | ‡aNay, Jonas, ‡d1990- ‡eactor. ‡1https://id.oclc.org/worldcat/entity/E39PBJdrJbtjJffBtKjR4wGCQq |
| 700 | 1 | . | ‡aMcGann, Paul, ‡eactor. ‡1https://id.oclc.org/worldcat/entity/E39PBJqK6P6GxCFQcxfGhPDQbd ‡0(LARL_NWRL_CONSORTIUM)146079 |
| 700 | 1 | . | ‡aConnolly, Isabelle, ‡eactor. |
| 700 | 1 | . | ‡aPapoulia, Angeliki, ‡d1975- ‡eactor. ‡1https://id.oclc.org/worldcat/entity/E39PBJdRyVg4yRTRk48VRyFYfq |
| 700 | 1 | . | ‡aMertens, Anton, ‡edirector of photography. |
| 700 | 1 | . | ‡aVerhoeven, Stijn, ‡eproduction designer. |
| 700 | 1 | . | ‡aWillems, Charlotte, ‡ecostume designer. |
| 700 | 1 | . | ‡aRoebuck, Chris ‡c(Film editor), ‡eeditor of moving image work. |
| 700 | 1 | . | ‡aWarne, Sarah, ‡ecomposer (expression) |
| 710 | 2 | . | ‡aEagle Eye Drama Limited, ‡epresenter, ‡eproduction company. |
| 710 | 2 | . | ‡aHappy Duck Films, ‡eproduction company. |
| 710 | 2 | . | ‡aUKTV (Firm), ‡eproduction company. |
| 710 | 2 | . | ‡aBeta Film GmbH, ‡eproduction company. |
| 710 | 2 | . | ‡aPublic Broadcasting Service (U.S.), ‡ebroadcaster. ‡0(LARL_NWRL_CONSORTIUM)90034 |
| 710 | 2 | . | ‡aPBS Distribution (Firm), ‡epublisher. ‡0(LARL_NWRL_CONSORTIUM)216631 |
| 901 | . | ‡a479484 ‡bOCoLC ‡c479484 ‡tbiblio ‡soclc | |

Add to basket
Permalink
Disable Highlighting